Freedom From Covid/ (Record no. 186258)

MARC details
000 -LEADER
fixed length control field 00588nam a22001817a 4500
005 - DATE AND TIME OF LATEST TRANSACTION
control field 20220218170011.0
010 ## - LCCN (DPL NO)
LC control number ENG-131689
020 ## - INTERNATIONAL STANDARD BOOK NUMBER
International Standard Book Number 9789390869985
Terms of availability 180.00
035 ## - SYSTEM CONTROL NUMBER
System control number EN-115221
037 ## - SOURCE OF ACQUISITION
Source of stock number/acquisition DBAD
082 ## - DEWEY DECIMAL CLASSIFICATION NUMBER
Classification number 616.2414
100 ## - MAIN ENTRY--PERSONAL NAME
Personal name Mhaisekar, Deepak
245 ## - TITLE STATEMENT
Title Freedom From Covid/
Statement of responsibility, etc Deepak Mhaisekar
260 ## - PUBLICATION, DISTRIBUTION, ETC. (IMPRINT)
Place of publication, distribution, etc Pune
Name of publisher, distributor, etc Vishwakarma Publications
Date of publication, distribution, etc 2021
270 ## - ADDRESS
Address 34A/1, Suyog Center, 7th Floor, Gultekadi Marketyard Road, Giridhar Bhavan Chowk
City Pune
Postal code 411037
Electronic mail address info@vpindia.co.in
300 ## - PHYSICAL DESCRIPTION
Extent 134p.
Dimensions 21cm(pbk)
942 ## - ADDED ENTRY ELEMENTS (KOHA)
Source of classification or shelving scheme Dewey Decimal Classification
Item type English Books
Classification part 616.2414
Call number suffix MHA
Holdings
Withdrawn status Lost status Not for loan Collection code Home library Current library Date acquired Source of acquisition Cost, normal purchase price Full call number Barcode Copy number Cost, replacement price Koha item type
    Not For Loan Non-fiction D.B.Act.Division Mobile Library 18/02/2022 DBAD/PUB 180.00 616.2414 MHA EN-115221 1 180.00 English Books

© Delhi Public Library
Hit Counter
free hit counter